Score 0/15 Timer 02:00
0 Plays Today
Scrambled Words Unscrambled Words % Correct
IRFAFair
96%
OLFUFoul
94.4%
GINSWSwing
90.9%
OVLEGGlove
86.7%
Theme that links them all:Baseball
80.7%
NDUMOMound
76.9%
GLENISSingle
69.7%
RIEPMUUmpire
66.1%
Scrambled Words Unscrambled Words % Correct
UDEOLBDouble
59.8%
THITREHitter
58%
TPREHICPitcher
57.9%
HTTORSSPOShortstop
48%
UFETDOLIOutfield
42.2%
SEPSKISpikes
34.4%
CENTERFIREENInterference
10.1%

You're not logged in!

Compare scores with friends on all Sporcle quizzes.
OR
Log In

Sporcle TV

Today on Sporcle TV


Watch our educational content, quiz creation guides, and fun videos on Sporcle TV.

Show Comments

Extras

Top Quizzes Today


Score Distribution

Paid Content

Your Account Isn't Verified!

In order to create a playlist on Sporcle, you need to verify the email address you used during registration. Go to your Sporcle Settings to finish the process.

Report this User

Report this user for behavior that violates our Community Guidelines.

Details: